000 00868nam a2200217Ia 4500
003 GCL
008 140319s9999 xx 000 0 ara d
020 _a8014110977
040 _aGCL /
_cGCL
082 0 4 _a953.121
_bا م
100 1 _aاحمد ابراهيم الشريف
245 1 0 _aمكة والمدينة فى الجاهلية وعهد الرسول صلى الله عليه وسلم /
_cاحمد ابراهيم الشريف
260 _aالقاهرة :
_bدار الفكر العربى ،
_c2003
300 _a468 ص ؛
_c24 سم
650 0 4 _aالدولة الاسلامية
650 0 4 _aالمدينة المنورة، تاريخ
650 0 4 _aمكة المكرمة - تاريخ
650 0 4 _aالسعودية - تاريخ - العصر الجاهلى
650 0 4 _aالسعودية - تاريخ - عصر صدر الاسلام
942 _2ddc
_cBK
999 _c30875
_d30875